City to Continent – Tile Select - Statistics

General Stats
  • This quiz has been taken 23 times
  • The average score is 76 of 96
Answer Stats
Question Tile Select % Correct
cities in South America Bulawayo No
100%
cities in South America Conakry No
100%
cities in South America Doha No
100%
cities in North America Dresden No
100%
cities in Asia East London No
100%
cities in South America Edmonton No
100%
cities in Asia Greensboro No
100%
cities in Oceania Kaohsiung No
100%
cities in North America Krasnodar No
100%
cities in North America Lilongwe No
100%
cities in Europe Lima No
100%
cities in North America Luoyang No
100%
cities in Europe Mandalay No
100%
cities in Africa Miami No
100%
cities in Oceania Nairobi No
100%
cities in Asia Nice No
100%
cities in South America Phnom Penh No
100%
cities in South America Phuket No
100%
cities in Europe Tegucigalpa No
100%
cities in Asia Tel Aviv Yes
100%
cities in Africa Alicante No
95%
cities in Asia Bilbao No
95%
cities in Europe Brussels Yes
95%
cities in Europe Charlottetown No
95%
cities in Oceania Dubrovnik No
95%
cities in Europe Fayetteville No
95%
cities in North America Indianapolis Yes
95%
cities in Europe Jaffna No
95%
cities in Africa Kabul No
95%
cities in Africa Kazan No
95%
cities in Oceania Larnaca No
95%
cities in North America Little Rock Yes
95%
cities in North America Longyearbyen No
95%
cities in Asia Oruro No
95%
cities in Europe Papeete No
95%
cities in North America Sfax No
95%
cities in Asia Bangalore Yes
91%
cities in Oceania Lagos No
91%
cities in Asia Tauranga No
91%
cities in Europe Yuzhno-Sakhalinsk No
91%
cities in Asia Bishkek Yes
86%
cities in Africa Cebu No
86%
cities in Oceania Melbourne Yes
86%
cities in North America Montego Bay Yes
86%
cities in Europe Nottingham Yes
86%
cities in Oceania Port Moresby Yes
86%
cities in Africa Port Sudan Yes
86%
cities in Oceania Praia No
86%
cities in South America Quito Yes
86%
cities in South America Tampere No
86%
cities in Africa Tangier Yes
86%
cities in Oceania Christchurch Yes
82%
cities in North America Cuzco No
82%
cities in Asia Isfahan Yes
82%
cities in Europe Trondheim Yes
82%
cities in Africa Varanasi No
82%
cities in South America Belo Horizonte Yes
77%
cities in Oceania Naha No
77%
cities in Africa Porto Alegre No
77%
cities in Africa Tripoli Yes
77%
cities in Asia Khartoum No
73%
cities in Europe Linz Yes
73%
cities in South America Mar del Plata Yes
73%
cities in South America Medellin Yes
73%
cities in Europe Pietermaritzburg No
73%
cities in Europe Plovdiv Yes
73%
cities in Africa Port Said Yes
73%
cities in North America Thunder Bay Yes
73%
cities in Asia Ürümqi Yes
73%
cities in Africa Akureyri No
68%
cities in South America Arequipa Yes
68%
cities in Oceania Hobart Yes
68%
cities in Asia Medina Yes
68%
cities in North America Cabo San Lucas Yes
64%
cities in Africa Livingstone Yes
64%
cities in South America Manaus Yes
64%
cities in North America San Miguel de Tucumán No
64%
cities in North America Cap-Haitien Yes
59%
cities in South America Cayenne Yes
59%
cities in North America Broken Hill No
55%
cities in Oceania Broome Yes
55%
cities in Oceania Noumea Yes
55%
cities in Asia Samara No
55%
cities in North America San Pedro Sula Yes
55%
cities in Oceania Dunedin Yes
50%
cities in Africa Owo Yes
50%
cities in Europe Voronezh Yes
50%
cities in South America Goiania Yes
45%
cities in Oceania Lautoka Yes
45%
cities in Asia Weifang Yes
45%
cities in Oceania Yaren Yes
41%
cities in Africa Beira Yes
36%
cities in Europe Coimbra Yes
32%
cities in Asia Kutaisi Yes
32%
cities in Africa Walvis Bay Yes
32%
cities in South America Valencia Yes
14%
No matching quizzes found
Score Distribution
Percent of People with Each Score
Percentile by Number Answered
Your Score History
You have not taken this quiz